[Event "Petersburg Summer 2016"]
[Site "St Petersburg"]
[Date "2016.08.19"]
[Round "3.1"]
[White "Usmanov, Vasily"]
[Black "Pyatin, Alexander"]
[Result "1-0"]
[WhiteElo "2423"]
[BlackElo "2204"]
[PlyCount "119"]
[EventDate "2016.08.17"]
[EventType "swiss"]
[EventCountry "RUS"]

1. Nf3 Nf6 2. c4 Nc6 3. d4 e6 4. g3 Bb4+ 5. Nc3 O-O 6. Bg2 d6 7. Qb3 Re8 8. O-O
Bxc3 9. Qxc3 e5 10. d5 Nb8 11. Re1 e4 12. Nd4 c5 13. dxc6 bxc6 14. c5 Nd5 15.
Qa3 Qf6 16. Rd1 dxc5 17. Qxc5 Bb7 18. Nb3 Nd7 19. Qd4 c5 20. Qxf6 N5xf6 21. Be3
c4 22. Na5 Bd5 23. Rac1 Rab8 24. Rd2 Rb4 25. Rdc2 Nb6 26. b3 cxb3 27. axb3 Rb5
28. Rc5 Rxc5 29. Rxc5 Rc8 30. b4 Nfd7 31. Rxc8+ Nxc8 32. Kf1 f5 33. Ke1 Ndb6
34. Bc5 Na4 35. Bd4 Ncb6 36. e3 g6 37. Bf1 Nc8 38. Nc4 Kf7 39. Na3 Ke7 40. Nb5
Nab6 41. Nxa7 Nxa7 42. Bxb6 Nc6 43. Bc5+ Kd8 44. Kd2 Ne5 45. Kc3 Ng4 46. Kd4
Bg8 47. Ba6 Nxh2 48. Ke5 Kd7 49. Be2 Nf3+ 50. Kf6 Kc6 51. Kg7 Be6 52. Kxh7 Bf7
53. Kg7 Be8 54. Kf6 Kd5 55. Ba7 Ne5 56. Ba6 Nd3 57. b5 Nb4 58. Bb7+ Kd6 59. b6
Nc6 60. Bc8 1-0

[Event "Petersburg Summer 2016"]
[Site "St Petersburg"]
[Date "2016.08.19"]
[Round "3.2"]
[White "Markevich, Ilya"]
[Black "Vlasenko, Miroslav"]
[Result "1-0"]
[WhiteElo "2195"]
[BlackElo "2423"]
[PlyCount "101"]
[EventDate "2016.08.17"]
[EventType "swiss"]
[EventCountry "RUS"]

1. e4 Nf6 2. e5 Nd5 3. d4 d6 4. c4 Nb6 5. Nf3 dxe5 6. Nxe5 g6 7. Be2 N8d7 8.
O-O Bg7 9. f4 Nxe5 10. dxe5 Be6 11. c5 Nd5 12. Na3 c6 13. Nc4 O-O 14. Qe1 Qd7
15. b3 b5 16. cxb6 axb6 17. Bf3 Ra6 18. Qf2 Qa7 19. Be3 c5 20. Rfb1 f6 21. Qd2
Rd8 22. a4 Rd7 23. Qf2 Qc7 24. Re1 Ra8 25. Rac1 Rad8 26. a5 bxa5 27. Bxc5 Nxf4
28. Bb6 Qb8 29. Bxd8 Nd3 30. Qb6 Qxb6+ 31. Bxb6 a4 32. Bc6 axb3 33. Bxd7 Bxd7
34. Rcd1 Nxe1 35. Rxe1 Bf5 36. Bd4 fxe5 37. Bxe5 Bh6 38. Bc3 Bd3 39. Nb2 Bc2
40. Rxe7 Bf8 41. Rb7 Bc5+ 42. Kf1 h5 43. Ke2 Bg1 44. Nc4 Bxh2 45. Nd2 Kf8 46.
Kf3 g5 47. Nxb3 g4+ 48. Ke3 h4 49. Nd4 Bd1 50. Ne6+ Ke8 51. Bb4 1-0

[Event "Petersburg Summer 2016"]
[Site "St Petersburg"]
[Date "2016.08.19"]
[Round "3.3"]
[White "Pasiev, Rakhim"]
[Black "Kolomensky, Vladimir"]
[Result "1-0"]
[WhiteElo "2407"]
[BlackElo "2196"]
[PlyCount "61"]
[EventDate "2016.08.17"]
[EventType "swiss"]
[EventCountry "RUS"]

1. Nc3 c5 2. d4 cxd4 3. Qxd4 Nc6 4. Qh4 g6 5. e4 Bg7 6. Nf3 d6 7. Bc4 h6 8. g4
Nf6 9. h3 h5 10. g5 Nd7 11. Bd2 O-O 12. O-O-O Nb6 13. Bb3 a5 14. a3 a4 15. Ba2
Be6 16. Nd5 Na5 17. Be3 Nbc4 18. Bd4 Bxd4 19. Rxd4 Rc8 20. Rhd1 Rc5 21. Kb1
Bxd5 22. exd5 Qc7 23. Bxc4 Nxc4 24. Nd2 Nxb2 25. Rc1 Rc8 26. c4 Qa5 27. Kxb2 b5
28. Qe4 bxc4 29. Nxc4 Qb5+ 30. Ka1 Qb3 31. Rd3 1-0

[Event "Petersburg Summer 2016"]
[Site "St Petersburg"]
[Date "2016.08.19"]
[Round "3.4"]
[White "Lagashin, Pavel"]
[Black "Kukhmazov, Arsen"]
[Result "1/2-1/2"]
[WhiteElo "2186"]
[BlackElo "2399"]
[PlyCount "82"]
[EventDate "2016.08.17"]
[EventType "swiss"]
[EventCountry "RUS"]

1. d4 d5 2. c4 c6 3. Nf3 Nf6 4. Nc3 dxc4 5. a4 Bf5 6. Ne5 Nbd7 7. Nxc4 Qc7 8.
g3 e5 9. dxe5 Nxe5 10. Bf4 Nfd7 11. Bg2 g5 12. Ne3 gxf4 13. Nxf5 O-O-O 14. O-O
Nc5 15. Qc2 fxg3 16. hxg3 a5 17. Rfd1 h5 18. Rxd8+ Qxd8 19. Ne4 Nxe4 20. Qxe4
Qf6 21. Rd1 Bc5 22. Qf4 Kb8 23. e3 Ka7 24. Nd6 Qe6 25. Bh3 Qb3 26. Qxe5 Qxd1+
27. Bf1 Bxd6 28. Qxh8 Qxa4 29. Qxh5 Qb4 30. b3 f6 31. Qh4 Qc3 32. Qd4+ Qxd4 33.
exd4 Bb4 34. Bg2 Kb6 35. Kf1 Kb5 36. d5 cxd5 37. Bxd5 b6 38. Ke2 Kc5 39. Be6
Kd4 40. f4 Ke4 41. Bd7 Bd6 1/2-1/2

[Event "Petersburg Summer 2016"]
[Site "St Petersburg"]
[Date "2016.08.19"]
[Round "3.5"]
[White "Lamorelle, Julien"]
[Black "Puraev, Artemiy"]
[Result "1/2-1/2"]
[WhiteElo "2376"]
[BlackElo "2179"]
[PlyCount "118"]
[EventDate "2016.08.17"]
[EventType "swiss"]
[EventCountry "RUS"]

1. e4 e6 2. d4 d5 3. Nc3 Nf6 4. e5 Nfd7 5. f4 c5 6. Nf3 Nc6 7. Be3 Qb6 8. Na4
Qa5+ 9. c3 b6 10. Bd2 c4 11. b4 Nxb4 12. cxb4 Bxb4 13. Qc2 Bxd2+ 14. Nxd2 b5
15. Nc3 b4 16. Nd1 Qb6 17. Nf3 O-O 18. Be2 f6 19. exf6 Nxf6 20. O-O a5 21. Ne3
Bd7 22. Rfd1 a4 23. Ne5 b3 24. axb3 axb3 25. Qb2 Rxa1 26. Rxa1 Rc8 27. N3xc4
dxc4 28. Bxc4 Rd8 29. Ra6 Qb4 30. h3 Be8 31. Qxb3 Qxb3 32. Bxb3 Rxd4 33. Bxe6+
Kf8 34. f5 Ra4 35. Rb6 Ra5 36. Nc4 Ra7 37. Nd6 Rc7 38. Rb8 Ke7 39. Nc8+ Kf8 40.
g4 h6 41. Kf2 Rc3 42. Nd6 Ke7 43. Nxe8 Nxe8 44. Rb7+ Rc7 45. Rb3 Nf6 46. Kf3
Nd7 47. Ra3 Kf6 48. h4 Nc5 49. Bg8 g6 50. Kf4 gxf5 51. gxf5 Rb7 52. Ra5 Rb4+
53. Kf3 Nb3 54. Ra6+ Kxf5 55. Bh7+ Ke5 56. Rxh6 Nd4+ 57. Kf2 Nf5 58. Bxf5 Kxf5
59. Rh8 Rb3 1/2-1/2

[Event "Petersburg Summer 2016"]
[Site "St Petersburg"]
[Date "2016.08.19"]
[Round "3.6"]
[White "Pogosian, Vladimir"]
[Black "Karasev, Vladimir I"]
[Result "0-1"]
[WhiteElo "2178"]
[BlackElo "2367"]
[PlyCount "66"]
[EventDate "2016.08.17"]
[EventType "swiss"]
[EventCountry "RUS"]

1. e4 c5 2. Nc3 Nc6 3. g3 g6 4. Bg2 Bg7 5. Nge2 d6 6. d3 e6 7. O-O h5 8. h3 h4
9. g4 e5 10. Nd5 Nce7 11. Nec3 Be6 12. f4 Bxd5 13. exd5 f5 14. fxe5 Bxe5 15. g5
Qb6 16. a4 O-O-O 17. a5 Qc7 18. Ne2 Kb8 19. Nf4 Qd7 20. c3 Rh7 21. Re1 Re8 22.
Qf3 Bxf4 23. Bxf4 Nc8 24. Qf2 Rhe7 25. Rxe7 Rxe7 26. Qxh4 Re2 27. Re1 Rxb2 28.
Qh8 Nge7 29. Re6 Kc7 30. Qf6 Rxg2+ 31. Kxg2 Nxd5 32. Bxd6+ Nxd6 33. Qe5 Qxe6
0-1

[Event "Petersburg Summer 2016"]
[Site "St Petersburg"]
[Date "2016.08.19"]
[Round "3.7"]
[White "Pershin, Denis"]
[Black "Azimov, Ilyas"]
[Result "1-0"]
[WhiteElo "2325"]
[BlackElo "2136"]
[PlyCount "47"]
[EventDate "2016.08.17"]
[EventType "swiss"]
[EventCountry "RUS"]

1. e4 c5 2. Nf3 d6 3. d4 cxd4 4. Nxd4 Nf6 5. Nc3 a6 6. Bg5 e6 7. f4 Nbd7 8. Qf3
Qc7 9. O-O-O b5 10. Bd3 Bb7 11. Rhe1 Be7 12. Qg3 b4 13. Nd5 Bxd5 14. exd5 Nxd5
15. Bxe7 Nxe7 16. Qxg7 Rg8 17. Qxh7 Nf6 18. Qh6 Ng4 19. Nxe6 fxe6 20. Qxe6 Rg7
21. Bg6+ Kf8 22. Bh5 d5 23. Kb1 Nf2 24. Rxd5 1-0

[Event "Petersburg Summer 2016"]
[Site "St Petersburg"]
[Date "2016.08.19"]
[Round "3.8"]
[White "Sichinava, Zviad"]
[Black "Babanin, Gleb"]
[Result "1-0"]
[WhiteElo "2298"]
[BlackElo "2082"]
[PlyCount "69"]
[EventDate "2016.08.17"]
[EventType "swiss"]
[EventCountry "RUS"]

1. d4 d5 2. Bg5 h6 3. Bf4 Nf6 4. e3 Bf5 5. c4 c6 6. Qb3 Qb6 7. Nc3 e6 8. c5
Qxb3 9. axb3 Nbd7 10. b4 a6 11. b5 cxb5 12. Bxb5 Rc8 13. Ba4 Be7 14. Nf3 O-O
15. O-O Rfd8 16. h3 Nb8 17. Nd2 Nfd7 18. b4 b5 19. Nxb5 axb5 20. Bxb5 Bf6 21.
Bd6 e5 22. Nf3 e4 23. Nd2 Nf8 24. Rfc1 Bd7 25. Be2 Ne6 26. Nb3 Re8 27. Ra7 Nf8
28. b5 Be6 29. c6 Ng6 30. Nc5 Be7 31. Bxb8 Rxb8 32. c7 Rbc8 33. Nxe6 fxe6 34.
b6 Bd6 35. Rc6 1-0

[Event "Petersburg Summer 2016"]
[Site "St Petersburg"]
[Date "2016.08.19"]
[Round "3.9"]
[White "Grigoriev, Semyon"]
[Black "Lesovoi, Evgenij"]
[Result "1-0"]
[WhiteElo "2132"]
[BlackElo "2295"]
[PlyCount "55"]
[EventDate "2016.08.17"]
[EventType "swiss"]
[EventCountry "RUS"]

1. d4 Nf6 2. c4 e6 3. Nf3 b6 4. g3 Ba6 5. Qc2 Bb7 6. Bg2 Bb4+ 7. Bd2 Qe7 8. O-O
Bxd2 9. Nbxd2 O-O 10. e4 d6 11. e5 dxe5 12. dxe5 Ng4 13. h3 Nh6 14. Ng5 Qxg5
15. Bxb7 Nd7 16. Bxa8 Rxa8 17. Nf3 Qh5 18. Qe4 Rf8 19. Kg2 Nc5 20. g4 f5 21.
exf6 Qe8 22. Qe3 Qc6 23. b4 Nd7 24. Rfe1 Rxf6 25. Qe4 Qd6 26. Rad1 Qe7 27. g5
Rg6 28. Rxd7 1-0

[Event "Petersburg Summer 2016"]
[Site "St Petersburg"]
[Date "2016.08.19"]
[Round "3.10"]
[White "Orlov, Oleg"]
[Black "Kozyrin, Aleksandr"]
[Result "1-0"]
[WhiteElo "2289"]
[BlackElo "2058"]
[PlyCount "77"]
[EventDate "2016.08.17"]
[EventType "swiss"]
[EventCountry "RUS"]

1. Nf3 d5 2. c4 c6 3. g3 Nf6 4. Bg2 g6 5. b3 Bg7 6. Bb2 O-O 7. O-O Bf5 8. d3
Re8 9. Nbd2 Nbd7 10. cxd5 cxd5 11. Nd4 e5 12. Nxf5 gxf5 13. Nf3 Qb6 14. Nh4 Qe6
15. Bh3 Ng4 16. e4 Nh6 17. Nxf5 Nxf5 18. Bxf5 Qd6 19. Qg4 Rad8 20. Bc1 Nc5 21.
Bg5 f6 22. Be3 d4 23. Bd2 Re7 24. Qe2 Qa6 25. Bb4 Qb5 26. Qd2 Ree8 27. Rfd1 Na6
28. Ba3 b6 29. Qe2 Nc5 30. Qh5 h6 31. Qg6 Re7 32. Bc1 Ne6 33. Qh7+ Kf8 34. h4
Qe8 35. Bg6 Qd7 36. Bxh6 Rf7 37. Bxf7 Kxf7 38. Bxg7 Nxg7 39. h5 1-0

[Event "Petersburg Summer 2016"]
[Site "St Petersburg"]
[Date "2016.08.19"]
[Round "3.11"]
[White "Filyanin, Daniil"]
[Black "Fraiman, Dmitry"]
[Result "0-1"]
[WhiteElo "2098"]
[BlackElo "2241"]
[PlyCount "86"]
[EventDate "2016.08.17"]
[EventType "swiss"]
[EventCountry "RUS"]

1. e4 c5 2. Nf3 d6 3. d4 cxd4 4. Qxd4 Nc6 5. Bb5 a6 6. Bxc6+ bxc6 7. c4 e5 8.
Qd3 Qc7 9. Nc3 Nf6 10. Bg5 Be7 11. O-O O-O 12. Bxf6 Bxf6 13. c5 dxc5 14. Na4
Qa5 15. Qc2 c4 16. Nd2 Be6 17. Nxc4 Qb4 18. Rac1 Bg5 19. Ne3 Bxa2 20. Qxc6 Bxe3
21. fxe3 Rad8 22. Nc5 Rd2 23. b3 Qa3 24. Na4 Bxb3 25. Qc3 Qa2 26. Qxe5 Qxa4 27.
Rf3 Qb5 28. Qg3 Rd1+ 29. Rxd1 Bxd1 30. Rf5 Qb1 31. Qe5 Bc2+ 32. Rf1 Qb5 33. Qe7
a5 34. h4 a4 35. e5 Qd5 36. Rf3 Bg6 37. Kh2 h5 38. Rf4 Qc6 39. g4 hxg4 40. Rxg4
Rb8 41. Rg2 Qe4 42. Rd2 Qxe3 43. Qd6 Qf4+ 0-1

[Event "Petersburg Summer 2016"]
[Site "St Petersburg"]
[Date "2016.08.19"]
[Round "3.12"]
[White "Kuzmichev, Artem"]
[Black "Lovkov, Roman"]
[Result "0-1"]
[WhiteElo "1917"]
[BlackElo "2451"]
[PlyCount "80"]
[EventDate "2016.08.17"]
[EventType "swiss"]
[EventCountry "RUS"]

1. e4 c6 2. Nf3 d5 3. Nc3 Bg4 4. h3 Bxf3 5. Qxf3 e6 6. exd5 cxd5 7. d4 Nc6 8.
Bb5 Nf6 9. O-O Be7 10. Be3 Rc8 11. a3 O-O 12. Bxc6 Rxc6 13. Qe2 a6 14. Rfc1 Qc7
15. Na4 Ne4 16. b4 Nc3 17. Nxc3 Rxc3 18. Bd2 Rxc2 19. Rxc2 Qxc2 20. Rc1 Qa4 21.
Rc7 Bf6 22. Rxb7 Bxd4 23. Be3 Bxe3 24. Qxe3 Qc6 25. Rb6 Qc4 26. Qc5 Rc8 27. Qd6
h6 28. Rxa6 e5 29. g3 e4 30. Ra7 e3 31. Re7 exf2+ 32. Kxf2 Qd4+ 33. Re3 Rc2+
34. Kf3 Qd1+ 35. Kf4 Rf2+ 36. Ke5 Qa1+ 37. Kxd5 Rd2+ 38. Kc5 Qc1+ 39. Kb5 Rxd6
40. Re8+ Kh7 0-1

[Event "Petersburg Summer 2016"]
[Site "St Petersburg"]
[Date "2016.08.19"]
[Round "3.13"]
[White "Triapishko, Olexandr"]
[Black "Gnidenko, Andrey"]
[Result "1-0"]
[WhiteElo "2466"]
[BlackElo "2204"]
[PlyCount "107"]
[EventDate "2016.08.17"]
[EventType "swiss"]
[EventCountry "RUS"]

1. Nf3 Nf6 2. g3 b6 3. Bg2 Bb7 4. O-O e6 5. d3 Be7 6. e4 d6 7. c4 c5 8. Nc3 O-O
9. Re1 Nc6 10. a3 Nd7 11. h4 Bf6 12. Be3 Nde5 13. Nh2 Ne7 14. f4 N5c6 15. Nf3
g6 16. g4 Bg7 17. Bf2 Qd7 18. h5 f5 19. Ng5 Nd4 20. Ne2 Nec6 21. hxg6 hxg6 22.
exf5 gxf5 23. Ng3 Nd8 24. gxf5 Nxf5 25. Nxf5 Rxf5 26. Qg4 Bxg2 27. Kxg2 e5 28.
Bg3 Ne6 29. Re4 Raf8 30. Nxe6 Qxe6 31. fxe5 dxe5 32. Rf1 R8f6 33. Rxf5 Qxf5 34.
Qxf5 Rxf5 35. b4 cxb4 36. axb4 a6 37. c5 bxc5 38. bxc5 Kf7 39. c6 Ke6 40. Rg4
Rf7 41. Rg6+ Kd5 42. d4 Kxd4 43. Bf2+ Kd5 44. Bb6 Bf6 45. c7 Rf8 46. Rxf6 Ra8
47. Kf3 Rh8 48. Ba5 Kc5 49. Ke4 Kb5 50. Bc3 Rh4+ 51. Kd5 Rc4 52. Bxe5 Rc5+ 53.
Kd4 Rc4+ 54. Kd3 1-0

[Event "Petersburg Summer 2016"]
[Site "St Petersburg"]
[Date "2016.08.19"]
[Round "3.14"]
[White "Fridman, Anatoly"]
[Black "Saveliev, Alexei"]
[Result "0-1"]
[WhiteElo "2191"]
[BlackElo "2339"]
[PlyCount "60"]
[EventDate "2016.08.17"]
[EventType "swiss"]
[EventCountry "RUS"]

1. e4 c5 2. Nf3 Nc6 3. d4 cxd4 4. Nxd4 d5 5. Bb5 dxe4 6. O-O Bd7 7. Nxc6 bxc6
8. Bc4 Nf6 9. h3 g6 10. Qe2 Bg7 11. Nc3 Bf5 12. Bf4 O-O 13. Rad1 Qb6 14. Bb3
Rad8 15. Na4 Qa5 16. Bd2 Qc7 17. Nc5 h5 18. Qa6 Qe5 19. Nb7 Rd7 20. Bc3 Qf4 21.
Rxd7 Bxd7 22. Qxa7 Qc7 23. Ba5 Qc8 24. Nc5 Bxh3 25. gxh3 Qxh3 26. Qc7 e3 27. f3
e2 28. Rf2 Ng4 29. Qd7 Qg3+ 30. Rg2 e1=Q+ 0-1

[Event "Petersburg Summer 2016"]
[Site "St Petersburg"]
[Date "2016.08.19"]
[Round "3.15"]
[White "Vunder, Andrey"]
[Black "Borisovsky, Dmitry"]
[Result "0-1"]
[WhiteElo "2138"]
[BlackElo "2298"]
[PlyCount "98"]
[EventDate "2016.08.17"]
[EventType "swiss"]
[EventCountry "RUS"]

1. d4 Nf6 2. Bf4 e6 3. e3 b6 4. Nf3 Bb7 5. Nbd2 Be7 6. h3 O-O 7. Bd3 c5 8. c3
d6 9. O-O Nbd7 10. Bh2 Rc8 11. Qe2 cxd4 12. cxd4 Qc7 13. e4 e5 14. dxe5 Nxe5
15. Nxe5 dxe5 16. Nf3 Bd6 17. Rad1 Rfd8 18. Rfe1 Qe7 19. a3 Nd7 20. Bc4 Nc5 21.
Bd5 Bxd5 22. Rxd5 f6 23. Red1 Ne6 24. Qd3 Bc5 25. b4 Bd4 26. Nxd4 Nxd4 27. Bf4
Rxd5 28. exd5 Qd7 29. Be3 Qxd5 30. Bxd4 Rd8 31. Qa6 Qf7 32. Rc1 exd4 33. Qc4
Qxc4 34. Rxc4 d3 35. Rc1 d2 36. Rd1 Kf7 37. Kf1 Ke6 38. Ke2 Ke5 39. Ke3 Rd4 40.
Rxd2 Rxd2 41. Kxd2 Kd4 42. f3 Kc4 43. Kc2 b5 44. g3 g5 45. h4 gxh4 46. gxh4 h5
47. Kd2 Kb3 48. f4 Kxa3 49. Kc3 Ka4 0-1

[Event "Petersburg Summer 2016"]
[Site "St Petersburg"]
[Date "2016.08.19"]
[Round "3.16"]
[White "Abramov, Nikita"]
[Black "Pischikov, Vadim"]
[Result "1-0"]
[WhiteElo "2276"]
[BlackElo "2162"]
[PlyCount "89"]
[EventDate "2016.08.17"]
[EventType "swiss"]
[EventCountry "RUS"]

1. e4 e5 2. Nf3 Nc6 3. Bc4 Be7 4. O-O Nf6 5. d3 O-O 6. Re1 d6 7. a4 Be6 8. Nbd2
Qd7 9. c3 Ne8 10. b4 f5 11. exf5 Bxc4 12. Nxc4 Qxf5 13. Ba3 Nd8 14. b5 Qf7 15.
Qe2 c5 16. d4 Ne6 17. dxc5 Nf4 18. Qf1 Nxg2 19. Qxg2 Qxc4 20. cxd6 Bxd6 21.
Nxe5 Qc7 22. Bxd6 Nxd6 23. Rad1 Nf5 24. Rd7 Qxc3 25. Qd5+ Kh8 26. Rd1 Rae8 27.
Nf7+ Rxf7 28. Rxf7 Nh6 29. Rxb7 Qf6 30. Rxa7 Ng4 31. Qg2 Nh6 32. Ra8 Rxa8 33.
Qxa8+ Ng8 34. Qd5 Qg6+ 35. Kh1 Qc2 36. Qd4 h6 37. a5 Qb3 38. Qd5 Qa4 39. b6 Nf6
40. Qa8+ Kh7 41. Rg1 Qa2 42. Qb7 Qg8 43. a6 Ne8 44. a7 Nd6 45. Qxg7+ 1-0

[Event "Petersburg Summer 2016"]
[Site "St Petersburg"]
[Date "2016.08.19"]
[Round "3.17"]
[White "Markelova, Lubov"]
[Black "Kuzmin, Yuriy"]
[Result "1-0"]
[WhiteElo "2108"]
[BlackElo "2275"]
[PlyCount "79"]
[EventDate "2016.08.17"]
[EventType "swiss"]
[EventCountry "RUS"]

1. Nf3 d5 2. d4 Nf6 3. c4 c6 4. e3 Bf5 5. cxd5 cxd5 6. Nc3 e6 7. Ne5 Nfd7 8.
Bd3 Bxd3 9. Nxd3 Nc6 10. O-O Bd6 11. Bd2 O-O 12. Rc1 Rc8 13. Qe2 Nf6 14. Rfd1
Qe7 15. Be1 Rfd8 16. f3 Nd7 17. Bf2 Bc7 18. a3 Na5 19. b4 Nc4 20. e4 dxe4 21.
fxe4 b6 22. e5 a6 23. a4 Nf8 24. Ne4 b5 25. Ndc5 Ra8 26. Nxa6 Rxa6 27. axb5
Raa8 28. Qxc4 Bb6 29. Nd6 Ng6 30. Qc6 Nf4 31. Qxb6 Qg5 32. Qc6 Ne2+ 33. Kf1
Nxc1 34. Qxc1 Qh5 35. h3 Ra2 36. Rd2 Ra4 37. Rc2 Raa8 38. b6 f6 39. b7 Rab8 40.
Rc8 1-0

[Event "Petersburg Summer 2016"]
[Site "St Petersburg"]
[Date "2016.08.19"]
[Round "3.18"]
[White "Kuzmin, Egor"]
[Black "Remizov, Yaroslav"]
[Result "1-0"]
[WhiteElo "2266"]
[BlackElo "2104"]
[PlyCount "87"]
[EventDate "2016.08.17"]
[EventType "swiss"]
[EventCountry "RUS"]

1. Nf3 d5 2. g3 Bg4 3. Bg2 Nd7 4. c4 c6 5. d3 e5 6. cxd5 cxd5 7. Qa4 Bxf3 8.
Bxf3 Ngf6 9. Nc3 d4 10. Nd5 Nxd5 11. Bxd5 Rb8 12. Qb3 Qf6 13. O-O Be7 14. f4 e4
15. dxe4 O-O 16. e5 Qa6 17. e6 Nc5 18. exf7+ Kh8 19. Qf3 Qb6 20. Kh1 Rbd8 21.
Rd1 Bf6 22. e4 Na4 23. Qb3 Qa6 24. Bd2 Nc5 25. Qf3 Qd3 26. Qxd3 Nxd3 27. Rf1
Rxd5 28. exd5 Rxf7 29. b4 Re7 30. Rf3 Nb2 31. Re1 Rxe1+ 32. Bxe1 Kg8 33. Rb3 d3
34. Bd2 Kf7 35. Kg2 Ke7 36. Bc1 Nd1 37. Rxd3 Nc3 38. Bb2 Nxa2 39. Bxf6+ gxf6
40. Ra3 Nxb4 41. Rxa7 Nxd5 42. Rxb7+ Ke6 43. Rxh7 Nb4 44. h4 1-0

[Event "Petersburg Summer 2016"]
[Site "St Petersburg"]
[Date "2016.08.19"]
[Round "3.19"]
[White "Shadrin, Anton"]
[Black "Melnikov, Dmitry"]
[Result "0-1"]
[WhiteElo "2066"]
[BlackElo "2262"]
[PlyCount "82"]
[EventDate "2016.08.17"]
[EventType "swiss"]
[EventCountry "RUS"]

1. e4 e5 2. Nf3 Nc6 3. Nc3 Nf6 4. d4 exd4 5. Nxd4 Bb4 6. Nxc6 bxc6 7. Bd3 d5 8.
exd5 cxd5 9. O-O O-O 10. Bg5 c6 11. h3 h6 12. Bf4 Re8 13. Qf3 Bd6 14. Rfe1 Be6
15. Ne2 c5 16. Ng3 Bxf4 17. Qxf4 Qb8 18. Qa4 Qxb2 19. Rab1 Bd7 20. Rxe8+ Rxe8
21. Rxb2 Bxa4 22. Rb7 c4 23. Bf5 a6 24. Rb6 Bb5 25. a4 Bxa4 26. Rxa6 Re1+ 27.
Kh2 Be8 28. Bc8 Kf8 29. Bb7 Bd7 30. Ra5 Ke7 31. Ra3 Kd6 32. Ra5 h5 33. Nh1 h4
34. g3 Rb1 35. Ba8 Rb2 36. g4 Be6 37. f4 Rxc2+ 38. Kg1 Rd2 39. Nf2 c3 40. Kf1
c2 41. Ra1 Ne4 0-1

[Event "Petersburg Summer 2016"]
[Site "St Petersburg"]
[Date "2016.08.19"]
[Round "3.20"]
[White "Artamonov, Valery"]
[Black "Nikitinyh, Boris"]
[Result "1/2-1/2"]
[WhiteElo "2240"]
[BlackElo "2099"]
[PlyCount "161"]
[EventDate "2016.08.17"]
[EventType "swiss"]
[EventCountry "RUS"]

1. c4 Nf6 2. Nc3 g6 3. g3 Bg7 4. Bg2 O-O 5. d3 e5 6. e4 d6 7. Nge2 Nc6 8. O-O
Nd7 9. Nd5 Nc5 10. b4 Ne6 11. b5 Ncd4 12. Rb1 c6 13. Ndc3 Bd7 14. a4 Qe7 15. f4
exf4 16. gxf4 Nc5 17. Be3 Bg4 18. Rf2 f5 19. bxc6 bxc6 20. h3 Bh5 21. e5 dxe5
22. Qd2 Nxe2+ 23. Nxe2 Bxe2 24. Rxe2 exf4 25. Bxf4 Bd4+ 26. Kh1 Qd7 27. a5 Rae8
28. Rbe1 Re6 29. Bf3 Rfe8 30. Bg3 Rxe2 31. Rxe2 Rxe2 32. Bxe2 Qe6 33. Bf3 f4
34. Bh2 Qxh3 35. Qe2 Be3 36. Bxc6 Kg7 37. d4 Ne6 38. Bg2 Qf5 39. d5 Nd4 40. Qf1
g5 41. d6 f3 42. Bxf3 Nxf3 43. d7 Qxd7 44. Qxf3 Bd4 45. a6 Qe6 46. Qd3 Qe1+ 47.
Kg2 Qf2+ 48. Kh1 h5 49. c5 Qf6 50. Bd6 g4 51. Qe2 Qh4+ 52. Bh2 Qg5 53. c6 Qc1+
54. Kg2 Qxc6+ 55. Kg3 Bf6 56. Bg1 Qc3+ 57. Qe3 Qc7+ 58. Kf2 Bh4+ 59. Kf1 Qc4+
60. Qe2 Qf4+ 61. Kg2 Qg3+ 62. Kf1 Qh3+ 63. Qg2 Qd3+ 64. Qe2 Qf5+ 65. Kg2 Qd5+
66. Kf1 Qf7+ 67. Kg2 Bf6 68. Qb5 Qa2+ 69. Kf1 Qa1+ 70. Kg2 Qa2+ 71. Kf1 Qf7 72.
Qb7 Be7+ 73. Kg2 Qa2+ 74. Bf2 Kf7 75. Qxa7 h4 76. Qb6 Qd5+ 77. Kf1 Qd1+ 78. Be1
Qd3+ 79. Kg1 Qd5 80. Qb7 Qd1 81. Kf1 1/2-1/2

[Event "Petersburg Summer 2016"]
[Site "St Petersburg"]
[Date "2016.08.19"]
[Round "3.21"]
[White "Apryshko, Gleb"]
[Black "Zabolotnov, Evgeny"]
[Result "1-0"]
[WhiteElo "2335"]
[BlackElo "1994"]
[PlyCount "53"]
[EventDate "2016.08.17"]
[EventType "swiss"]
[EventCountry "RUS"]

1. e4 c6 2. d4 d5 3. exd5 cxd5 4. c4 Nf6 5. Nc3 Nc6 6. c5 e5 7. Bb5 exd4 8.
Qxd4 Be7 9. Nf3 O-O 10. Bxc6 bxc6 11. Ne5 Re8 12. O-O Qc7 13. Re1 Be6 14. Bg5
a5 15. a3 Reb8 16. Re2 Rb7 17. Rae1 Rab8 18. Na4 Rb5 19. Nxf7 Kxf7 20. Bf4 Qd7
21. Bxb8 Rxb8 22. Nb6 Rxb6 23. cxb6 Ne4 24. Rxe4 dxe4 25. Qxd7 Bxd7 26. b7 Bd6
27. Rd1 1-0

[Event "Petersburg Summer 2016"]
[Site "St Petersburg"]
[Date "2016.08.19"]
[Round "3.22"]
[White "Stepanov, Andrey"]
[Black "Dilmukhametov, Artur"]
[Result "0-1"]
[WhiteElo "1995"]
[BlackElo "2333"]
[PlyCount "56"]
[EventDate "2016.08.17"]
[EventType "swiss"]
[EventCountry "RUS"]

1. e4 e6 2. d4 d5 3. Nc3 Bb4 4. e5 c5 5. a3 Bxc3+ 6. bxc3 Ne7 7. Qg4 cxd4 8.
Qxg7 Rg8 9. Qxh7 Qc7 10. Ne2 Nbc6 11. f4 dxc3 12. Qd3 d4 13. Rb1 Bd7 14. g3
O-O-O 15. Bg2 Nf5 16. Be4 b6 17. a4 Kb8 18. Ba3 Bc8 19. a5 Nxa5 20. Bxf5 exf5
21. Bd6 Rxd6 22. exd6 Qxd6 23. Qxd4 Qc6 24. Rf1 Re8 25. Qd3 Be6 26. Nd4 Qg2 27.
Nxe6 Rxe6+ 28. Kd1 Nb7 0-1

[Event "Petersburg Summer 2016"]
[Site "St Petersburg"]
[Date "2016.08.19"]
[Round "3.23"]
[White "Pavlova, Natalia"]
[Black "Bazeev, German"]
[Result "0-1"]
[WhiteElo "1977"]
[BlackElo "2288"]
[PlyCount "106"]
[EventDate "2016.08.17"]
[EventType "swiss"]
[EventCountry "RUS"]

1. e4 c5 2. Nf3 d6 3. d4 cxd4 4. Qxd4 a6 5. c4 Nc6 6. Qe3 g6 7. Nc3 Bh6 8. Qd3
Bg7 9. Be3 Nf6 10. h3 O-O 11. Be2 Be6 12. O-O Rc8 13. Rac1 Nd7 14. Qd2 Qa5 15.
b3 Nc5 16. Bh6 Bxc3 17. Qxc3 Qxc3 18. Rxc3 Rfd8 19. Bd3 a5 20. Be3 Ne5 21. Nxe5
dxe5 22. Bb1 b6 23. Rcc1 Bd7 24. Rfd1 Bc6 25. f3 f6 26. Kf2 Kf7 27. Ke2 Rd6 28.
Bc2 Bb7 29. g4 Rcd8 30. Bxc5 bxc5 31. Ke3 Rd4 32. Bd3 Bc8 33. Be2 Be6 34. f4
exf4+ 35. Kxf4 Bc8 36. Rxd4 e5+ 37. Ke3 exd4+ 38. Kd3 Ke6 39. Rf1 Ke5 40. Bf3
Bb7 41. Bg2 Bc6 42. h4 Re8 43. Kc2 a4 44. Kb2 axb3 45. axb3 Rh8 46. h5 Rf8 47.
Bf3 gxh5 48. gxh5 Rg8 49. Bh1 Bd7 50. Bf3 Bh3 51. Rf2 Rg1 52. Rh2 Bg4 53. Bh1
Kf4 0-1

[Event "Petersburg Summer 2016"]
[Site "St Petersburg"]
[Date "2016.08.19"]
[Round "3.24"]
[White "Emdin, Mark"]
[Black "Frolov, Lev"]
[Result "1-0"]
[WhiteElo "2247"]
[BlackElo "1967"]
[PlyCount "73"]
[EventDate "2016.08.17"]
[EventType "swiss"]
[EventCountry "RUS"]

1. e4 c6 2. d4 d5 3. e5 Bf5 4. h4 h5 5. c4 e6 6. Nc3 Ne7 7. Be2 g6 8. f3 dxc4
9. Bxc4 Nd5 10. Bxd5 exd5 11. Bg5 Be7 12. Bxe7 Qxe7 13. Nge2 Nd7 14. Ng3 Be6
15. Qd2 O-O-O 16. O-O-O Nb6 17. Rde1 Nc4 18. Qf2 Rde8 19. f4 f5 20. Nf1 Kb8 21.
Ne3 Nb6 22. Nc2 Nd7 23. Kd2 Nf8 24. Ke3 Bc8 25. g3 Ne6 26. a4 b6 27. b4 Bb7 28.
Qd2 Rd8 29. Rb1 Rd7 30. Rb3 Ka8 31. Ra1 a6 32. b5 cxb5 33. axb5 a5 34. Nb4 Rc8
35. Nc6 Bxc6 36. bxc6 Rxc6 37. Na4 1-0